La historia del desarrollo de la educación en Japón: qué implicaciones pueden extraerse para los países en vías de desarrollo
Uloženo v:
| Korporativní autor: | |
|---|---|
| Médium: | Kniha |
| Jazyk: | španělština |
| Vydáno: |
Tokio
JICA
2005
|
| Témata: | |
| Tagy: |
Přidat tag
Žádné tagy, Buďte první, kdo vytvoří štítek k tomuto záznamu!
|
MARC
| LEADER | 00000nam a2200000 a 4500 | ||
|---|---|---|---|
| 001 | UCG6374 | ||
| 003 | CL-VaPUC | ||
| 008 | 110421e20051200JA |||||||||||||||||spa|d | ||
| 020 | |a 4902715244 | ||
| 082 | 0 | 4 | |a 370.95209 |b AGE |2 21 |
| 110 | 2 | |a Agencia de Cooperación Internacional del Japón |e author |9 556537 | |
| 245 | 1 | 3 | |a La historia del desarrollo de la educación en Japón: qué implicaciones pueden extraerse para los países en vías de desarrollo |
| 300 | |a 275 p | ||
| 942 | |c BK | ||
| 945 | |d 20110421 00:00:00 |a jcampos | ||
| 260 | |a Tokio |b JICA |c 2005 | ||
| 650 | 0 | |a Historia de la educación |9 257642 | |
| 650 | 0 | |a Historia siglo 20 |9 255736 | |
| 650 | 0 | |a Aspectos políticos |9 257400 | |
| 650 | 0 | |a Estado y educación |9 311264 | |
| 651 | 0 | |a Japón |9 260391 | |
| 583 | |a last modification |c 20170912 12:18:48 |k Rodrigo Vera | ||
| 999 | |c 344630 |d 344628 | ||
| 952 | |0 0 |1 0 |4 0 |6 370_952090000000000_AGE_2005 |7 0 |8 A |9 442702 |a BIBMAT |b BIBMAT |c E_DIDACT |d 2019-11-22 |i 4741463 |o 370.95209 AGE 2005 |p 4741463 |r 2025-01-07 |w 2019-11-22 |y BK |k MAT | ||